Music Quiz

Random Music or Billboard Quiz
Score 0/50 Timer 06:00
2 Plays Today
% Correct
Virgin
94%
Love
93.8%
Time
93.7%
Odds
93.6%
Go-Go
93.4%
Called
93.1%
Chameleon
92.5%
Cry
91.6%
Dancing
91.4%
Loved
91.1%
Blues
90.7%
Round
90.2%
99
90.2%
Lonely
89.9%
Wrapped
89.4%
Boy
89%
Habit
87.1%
Nights
86.6%
Road
83.5%
Dream
81.9%
Eat
81.5%
Stuck
81.2%
Control
80.8%
Watching
80.8%
Twist
79.8%
% Correct
Talking
79.7%
Caribbean
79.5%
Sherrie
78.5%
Dark
78.2%
Ga-Ga
78.1%
Hold
77.7%
Drug
77.4%
Jump
76.5%
Eyes
76.2%
State
76%
Cruel
75.9%
Feel
75.4%
Glamorous
73.8%
Think
72.8%
All
72.7%
Stride
72.5%
Missing
71.5%
Christian
71.2%
Wait
70.6%
Told
70.5%
Days
69.6%
Reflex
69.1%
Sunglasses
67.4%
Touch
65.7%
Jean
64%

You're not logged in!

Compare scores with friends on all Sporcle quizzes.
OR
Log In

Sporcle TV

Today on Sporcle TV


Watch our educational content, quiz creation guides, and fun videos on Sporcle TV.

Show Comments

Extras

Top Quizzes Today


Score Distribution

Paid Content

Your Account Isn't Verified!

In order to create a playlist on Sporcle, you need to verify the email address you used during registration. Go to your Sporcle Settings to finish the process.

Report this User

Report this user for behavior that violates our Community Guidelines.

Details: